Balenie sa stáva závažnou témou
Desať percent poistných škôd pri preprave tovaru vzniká v dôsledku nesprávneho balenia. Pri výbere obalu je nutné zvážiť charakter tovaru, navrhovaný spôsob prepravy a typ dopravného prostriedku. Rastie dopyt po inteligentnom balení. Balenie a značenie si vyžaduje zvýšenú pozornosť najmä pri tovaroc...
Guardado en:
| Autor principal: | |
|---|---|
| Formato: | Capítulo de libro |
| Lenguaje: | eslovaco |
| Materias: | |
| Etiquetas: |
Sin Etiquetas, Sea el primero en etiquetar este registro!
|
MARC
| LEADER | 00000naa a2200000 4500 | ||
|---|---|---|---|
| 001 | 0200800 | ||
| 005 | 20231113103023.5 | ||
| 041 | 0 | |a slo | |
| 044 | |a SK | ||
| 245 | 1 | 0 | |a Balenie sa stáva závažnou témou |c Viktória Valachovičová |
| 520 | |a Desať percent poistných škôd pri preprave tovaru vzniká v dôsledku nesprávneho balenia. Pri výbere obalu je nutné zvážiť charakter tovaru, navrhovaný spôsob prepravy a typ dopravného prostriedku. Rastie dopyt po inteligentnom balení. Balenie a značenie si vyžaduje zvýšenú pozornosť najmä pri tovaroch náročných na prepravu. Dôležitou témou je aj množstvo odpadu, ktorý obaly vytvárajú. | ||
| 610 | 2 | 0 | |a balenie |
| 610 | 2 | 0 | |a obaly |
| 610 | 2 | 0 | |a tovar |
| 610 | 2 | 0 | |a označovanie tovarov |
| 610 | 2 | 0 | |a preprava |
| 610 | 2 | 0 | |a doprava nákladná |
| 610 | 2 | 0 | |a odpad |
| 100 | 1 | |a Valachovičová, Viktória | |